Possessing the mind of Christ. (Record no. 5056)

000 -LEADER
fixed length control field 00534nam a2200181 a 4500
001 - CONTROL NUMBER
control field :::00002797$&:&@@
003 - CONTROL NUMBER IDENTIFIER
control field OkBaRHE
005 - DATE AND TIME OF LATEST TRANSACTION
control field 20000607103257.0
008 - FIXED-LENGTH DATA ELEMENTS--GENERAL INFORMATION
fixed length control field s1984 j 000 0 eng u
040 ## - CATALOGING SOURCE
Transcribing agency
100 1# - MAIN ENTRY--PERSONAL NAME
Personal name Hunter, Frances.
245 10 - TITLE STATEMENT
Title Possessing the mind of Christ.
260 ## - PUBLICATION, DISTRIBUTION, ETC. (IMPRINT)
Place of publication, distribution, etc Kingwood, TX., :
Name of publisher, distributor, etc Hunter Books
Date of publication, distribution, etc c1984
300 ## - PHYSICAL DESCRIPTION
Extent 192 p. ;
Dimensions 20 cm.
650 ## - SUBJECT ADDED ENTRY--TOPICAL TERM
Topical term or geographic name as entry element Jesus Christ Teachings
942 ## - ADDED ENTRY ELEMENTS (KOHA)
Source of classification or shelving scheme
Koha item type Books
Copies
Shelving location Withdrawn status Barcode Damaged status Lost status Current Location Date acquired Not for loan Full call number Permanent Location Copy number Source of classification or shelving scheme Price effective from Date last seen Koha item type
General Stacks 2797 MissingRHEMA Bible Training College2010-04-14 BS 2417 .H8RHEMA Bible Training College1 2010-04-142018-03-08Books